000 00518nam a2200181Ia 4500
001 8391
005 20260306160606.0
008 260306t2004||||xx |||||||||||||| ||spa||
041 _aESP
082 _a370.71
_bM68
100 _aPérez Serrano, Gloria (coord.)
_eAUT
245 0 _aModelos de investigación cualitativa en educación social y animación sociocultural:
_baplicaciones prácticas
260 _c2004
300 _a318 páginas :
_c21 cm.
650 _aGEN
654 _aCED
942 _cLIB
_dJUS
_fJUS
_2ddc
_n
999 _c8391
_d8391